| 000 | 00549nam a2200169 a 4500 | ||
|---|---|---|---|
| 001 | 000040086 | ||
| 005 | 20201002033917.0 | ||
| 008 | 130806s2005 ho 000 0 spa d | ||
| 040 |
_aDO-SdBNP _bspa _cBNPHU |
||
| 100 | 1 |
_aSánchez, Jessica _966345 |
|
| 245 | 1 | 0 |
_aAntología de cuentistas hondureñas / _cJessica Sánchez. |
| 260 |
_aGuatemala : _bLetra Negra, _c2005. |
||
| 300 |
_a151p. ; _c21 cm. |
||
| 490 | 1 | _aNarrativa centroamericana | |
| 500 | _aIncluye datos biográficas del autor en la solapa | ||
| 830 | 0 |
_aNarrativa centroamericana _966346 |
|
| 999 |
_c39576 _d39576 |
||